[Event "Nuremberg Zabo op 13th"]
[Site "Nuremberg"]
[Date "2011.09.17"]
[Round "2"]
[White "Winterfeldt, Steffen"]
[Black "Cipra, Lothar"]
[Result "1/2-1/2"]
[WhiteElo "1774"]
[BlackElo "1987"]
[PlyCount "137"]
[EventDate "2011.09.16"]
[EventType "swiss"]
[EventRounds "5"]
[EventCountry "GER"]
[SourceTitle "EXT 2013"]
[Source "ChessBase"]
[SourceDate "2012.11.22"]
[SourceVersion "1"]
[SourceVersionDate "2012.11.22"]
[SourceQuality "1"]

1. b4 d5 2. Bb2 e6 3. Nf3 Nf6 4. b5 c5 5. bxc6 Nxc6 6. e3 Bd6 7. d4 0-0 8. Be2 Qb6 9. Qc1 Qc7 10. 0-0 Bd7 11. Ba3 a6 12. Bxd6 Qxd6 13. c4 dxc4 14. Bxc4 Rac8 15. Qb2 Nxd4 16. Nxd4 Rxc4 17. Qxb7 e5 18. Nb3 Bb5 19. Qf3 Rd8 20. N1d2 Rg4 21. Rfd1 Qb6 22. Rac1 h6 23. h3 e4 24. Qf5 Rg5 25. Qf4 Qe6 26. Nd4 Rxd4 27. exd4 Bd3 28. Nb3 Nd5 29. Qh2 Qf5 30. Nc5 Nf4 31. g4 Ne2+ 32. Kf1 Qf3 33. Qg2 Qxg2+ 34. Kxg2 Nxc1 35. Rxc1 Rd5 36. Nxd3 exd3 37. Kf3 Rxd4 38. Ke3 Ra4 39. Ra1 Ra3 40. Kd2 g5 41. Kc1 Rc3+ 42. Kd2 Rc2+ 43. Ke1 Kg7 44. a4 a5 45. Ra3 Re2+ 46. Kf1 Re4 47. Rxd3 Rxa4 48. Kg2 Ra1 49. Rd8 a4 50. Ra8 a3 51. Ra7 a2 52. Ra8 Kf6 53. Ra5 Ke6 54. Kh2 Kd6 55. Kg2 Kc6 56. Ra8 Kb5 57. Ra7 Kb4 58. Ra8 Kb3 59. Rb8+ Kc2 60. Rc8+ Kd3 61. Rd8+ Ke4 62. Re8+ Kf4 63. Ra8 Ke5 64. Re8+ Kf6 65. Ra8 Kg6 66. Ra6+ f6 67. Ra7 h5 68. Ra6 hxg4 69. hxg4 1/2-1/2

[Event "Nuremberg Zabo op 12th"]
[Site "Nuremberg"]
[Date "2010.09.17"]
[Round "1"]
[White "Winterfeldt, Steffen"]
[Black "Maenner, Markus"]
[Result "1-0"]
[WhiteElo "1729"]
[BlackElo "952"]
[PlyCount "45"]
[EventDate "2010.09.17"]
[EventType "swiss"]
[EventRounds "5"]
[EventCountry "GER"]
[SourceTitle "EXT 2011"]
[Source "ChessBase"]
[SourceDate "2010.11.26"]
[SourceVersion "1"]
[SourceVersionDate "2010.11.26"]
[SourceQuality "1"]

1. b4 d5 2. Bb2 c6 3. e3 Qc7 4. Nf3 Bg4 5. Be2 Nd7 6. d4 Ngf6 7. Nbd2 e6 8. a3 b5 9. 0-0 a5 10. c3 Bd6 11. h3 Bh5 12. a4 0-0 13. bxa5 bxa4 14. Qxa4 c5 15. c4 Rab8 16. Bc3 dxc4 17. Nxc4 Nd5 18. Bd2 cxd4 19. exd4 Bb4 20. Rfc1 Qa7 21. Bxb4 Rxb4 22. Qc6 Rb5 23. Qxb5 1-0

[Event "Mittelfranken-chTB2b 0910"]
[Site "Mittelfranken"]
[Date "2009.10.11"]
[Round "1.6"]
[White "Arlt, Birgit"]
[Black "Winterfeldt, Steffen"]
[Result "1-0"]
[WhiteElo "1654"]
[BlackElo "1782"]
[PlyCount "95"]
[EventDate "2009.10.11"]
[EventType "team-tourn"]
[EventRounds "9"]
[EventCountry "GER"]
[SourceTitle "EXT 2011"]
[Source "ChessBase"]
[SourceDate "2010.11.26"]
[SourceVersion "1"]
[SourceVersionDate "2010.11.26"]
[SourceQuality "1"]
[WhiteTeam "Schwanstetten"]
[BlackTeam "Nuernberg Zabo"]
[WhiteTeamCountry "GER"]
[BlackTeamCountry "GER"]

1. e4 c5 2. f4 e5 3. Nf3 exf4 4. d3 Nc6 5. Bxf4 Qf6 6. Qc1 h6 7. Nc3 Qe6 8. Nb5 Qg4 9. Nc7+ Kd8 10. Nxa8 d6 11. Qd2 b6 12. 0-0-0 Bb7 13. Nxb6 axb6 14. Rg1 Qe6 15. c4 g5 16. Qc3 f6 17. Bg3 h5 18. Kb1 Nge7 19. Nxg5 Qg4 20. Nf3 Nd4 21. Qe1 Nec6 22. Be2 Qe6 23. Bf2 Nxf3 24. Bxf3 Ne5 25. Qe2 Ng4 26. Bxg4 hxg4 27. Bg3 Bh6 28. Rgf1 Re8 29. Rfe1 Bg5 30. Qf2 Kd7 31. Qf5 Qxf5 32. exf5 Rxe1 33. Rxe1 d5 34. Re2 dxc4 35. dxc4 Kd8 36. Kc2 Bc8 37. Rf2 Be3 38. Rf1 Bb7 39. Rd1+ Bd4 40. Bf2 Bxg2 41. Bxd4 cxd4 42. Rxd4+ Kc7 43. Rxg4 Bh3 44. Rf4 Kd6 45. Kd3 Ke5 46. Ke3 Bg2 47. h4 Bh3 48. b4 1-0

[Event "Mittelfranken-chTB2b 0809"]
[Site "Mittelfranken"]
[Date "2008.10.12"]
[Round "1.6"]
[White "Wirth, Karl Heinz"]
[Black "Winterfeldt, Steffen"]
[Result "1-0"]
[WhiteElo "1731"]
[BlackElo "1788"]
[PlyCount "73"]
[EventDate "2008.10.12"]
[EventType "team"]
[EventRounds "9"]
[EventCountry "GER"]
[SourceTitle "EXT 2011"]
[Source "ChessBase"]
[SourceDate "2010.11.26"]
[SourceVersion "1"]
[SourceVersionDate "2010.11.26"]
[SourceQuality "1"]
[WhiteTeam "Muehlhof/Schwabach"]
[BlackTeam "Nuernberg Zabo"]
[WhiteTeamCountry "GER"]
[BlackTeamCountry "GER"]

1. e4 c5 2. b4 b6 3. bxc5 bxc5 4. Nc3 e6 5. Nf3 Bb7 6. Rb1 Qc8 7. Bb5 Nf6 8. d3 Be7 9. 0-0 0-0 10. Bf4 Nc6 11. Qd2 d6 12. h3 Nd4 13. Nxd4 cxd4 14. Ne2 e5 15. Bh2 Nd7 16. f4 f6 17. Qb4 Nc5 18. c3 Na6 19. Bc4+ d5 20. Qxe7 Rf7 21. Qxf7+ Kxf7 22. Rxb7+ Nc7 23. Bxd5+ Kg6 24. Rxc7 Qxc7 25. Bxa8 dxc3 26. fxe5 Qb6+ 27. d4 c2 28. exf6 gxf6 29. e5 f5 30. Be4 c1Q 31. Bxf5+ Kg5 32. Nxc1 Qxd4+ 33. Kh1 Qc4 34. Bd3 Qc5 35. Bf4+ Kh5 36. Ne2 Qc7 37. Ng3+ 1-0

[Event "Nuremberg Zabo op 10th"]
[Site "Nuremberg"]
[Date "2008.09.21"]
[Round "5"]
[White "Winterfeldt, Steffen"]
[Black "Luther, Helmut"]
[Result "1-0"]
[WhiteElo "1788"]
[BlackElo "1915"]
[PlyCount "133"]
[EventDate "2008.09.19"]
[EventType "swiss"]
[EventRounds "5"]
[EventCountry "GER"]
[SourceTitle "EXT 2012"]
[Source "ChessBase"]
[SourceDate "2011.11.24"]
[SourceVersion "1"]
[SourceVersionDate "2011.11.24"]
[SourceQuality "1"]

1. b4 Nf6 2. Bb2 d5 3. e3 g6 4. c4 c6 5. Nf3 Bg7 6. Be2 0-0 7. Nc3 a5 8. b5 Be6 9. c5 cxb5 10. Bxb5 b6 11. cxb6 Qxb6 12. Nd4 Bd7 13. Na4 Qd6 14. Qb3 Bxb5 15. Nxb5 Qb4 16. Ba3 Qxb3 17. axb3 Nc6 18. Rc1 Nb4 19. Ke2 Rab8 20. Nd4 Ne4 21. Nc5 Nxc5 22. Rxc5 e5 23. Bxb4 Rxb4 24. Nc6 Rxb3 25. Nxa5 Rb2 26. Rxd5 e4 27. Rc1 Ra2 28. Rc7 Ra8 29. Nc4 R2a7 30. Rdd7 Rxc7 31. Rxc7 Rd8 32. f3 exf3+ 33. Kxf3 h5 34. h3 Rd3 35. Ke4 Rd8 36. d4 f5+ 37. Kf4 Bh6+ 38. Ke5 Bg7+ 39. Ke6 f4 40. d5 fxe3 41. Nxe3 Bh6 42. Nc4 Bf4 43. d6 Rf8 44. Ne5 Bg5 45. d7 Rf6+ 46. Kd5 Rf2 47. Nf3 Be7 48. Ke6 Re2+ 49. Ne5 Bg5 50. g4 hxg4 51. hxg4 Re1 52. Rc8+ Kg7 53. d8Q Bxd8 54. Rxd8 Re2 55. Rd5 Re1 56. Rd3 Ra1 57. g5 Ra6+ 58. Kd5 Ra5+ 59. Kd4 Ra4+ 60. Nc4 Ra6 61. Rb3 Ra7 62. Nd6 Ra5 63. Rb7+ Kg8 64. Nb5 Ra4+ 65. Ke5 Ra6 66. Nd6 Rc6 67. Rd7 1-0

[Event "Mittelfrankenliga-B2b 0607"]
[Site "Mittelfranken"]
[Date "2007.03.11"]
[Round "7.4"]
[White "Winterfeldt, Steffen"]
[Black "Strnad, Alfred"]
[Result "1/2-1/2"]
[WhiteElo "1761"]
[BlackElo "1911"]
[PlyCount "118"]
[EventDate "2006.10.22"]
[EventType "team-tourn"]
[EventRounds "9"]
[EventCountry "GER"]
[SourceTitle "EXT 2011"]
[Source "ChessBase"]
[SourceDate "2010.11.26"]
[SourceVersion "1"]
[SourceVersionDate "2010.11.26"]
[SourceQuality "1"]
[WhiteTeam "Nuernberg Zabo"]
[BlackTeam "Heideck/Hilpoltstein"]
[WhiteTeamCountry "GER"]
[BlackTeamCountry "GER"]

1. b4 d5 2. Bb2 Qd6 3. a3 e5 4. e3 Nf6 5. Nf3 Nbd7 6. Be2 g6 7. 0-0 Bg7 8. c4 c6 9. Nc3 a6 10. Rc1 0-0 11. Qb3 dxc4 12. Qxc4 Re8 13. Ng5 Re7 14. Nce4 Qc7 15. Nc5 Nb6 16. Qb3 h6 17. Nge4 Nxe4 18. Nxe4 Be6 19. Qc2 Rd8 20. Nc5 Bc8 21. f4 Nd5 22. fxe5 Bxe5 23. Bxe5 Qxe5 24. Rf2 Nf6 25. Rf4 Bf5 26. Bd3 Bxd3 27. Nxd3 Qd6 28. Rd4 Qc7 29. Rxd8+ Qxd8 30. Nc5 Qd5 31. Rf1 Qe5 32. Rf4 Nd5 33. Rf1 Kg7 34. Nb3 Nf6 35. Qc5 Ne4 36. Qxe5+ Rxe5 37. d3 Nd6 38. e4 f5 39. Nc5 fxe4 40. dxe4 a5 41. Rd1 axb4 42. axb4 b6 43. Nd7 Re6 44. Nxb6 Nxe4 45. Nc4 Nc3 46. Rd7+ Kf6 47. Rd3 Nd5 48. Na5 Nxb4 49. Rc3 Ke7 50. Rc4 c5 51. Nb7 Re1+ 52. Kf2 Nd3+ 53. Kg3 Re3+ 54. Kh4 Re5 55. Rc3 g5+ 56. Kh5 Nf4+ 57. Kxh6 Ne6 58. Kh5 Kf6 59. Kg4 Re4+ 1/2-1/2

[Event "Mittelfrankenliga-B2b 0607"]
[Site "Mittelfranken"]
[Date "2007.02.11"]
[Round "6.4"]
[White "Kirch, Dietmar"]
[Black "Winterfeldt, Steffen"]
[Result "1-0"]
[WhiteElo "1997"]
[BlackElo "1761"]
[PlyCount "57"]
[EventDate "2006.10.22"]
[EventType "team-tourn"]
[EventRounds "9"]
[EventCountry "GER"]
[SourceTitle "EXT 2011"]
[Source "ChessBase"]
[SourceDate "2010.11.26"]
[SourceVersion "1"]
[SourceVersionDate "2010.11.26"]
[SourceQuality "1"]
[WhiteTeam "Buechenbach/Roth"]
[BlackTeam "Nuernberg Zabo"]
[WhiteTeamCountry "GER"]
[BlackTeamCountry "GER"]

1. c4 Nf6 2. g3 e6 3. Bg2 c5 4. Nf3 Nc6 5. 0-0 Be7 6. Nc3 0-0 7. d4 cxd4 8. Nxd4 a6 9. e4 Ne5 10. b3 Bb4 11. Bb2 d6 12. Qe2 Qc7 13. Rac1 Bd7 14. Kh1 Rac8 15. f4 Nc6 16. Nf3 Bc5 17. e5 dxe5 18. fxe5 Ng4 19. Ne4 Qb6 20. Neg5 Ne3 21. Nxh7 Nxf1 22. Nfg5 Nxg3+ 23. hxg3 Rfd8 24. Qh5 Be8 25. Nf6+ Kf8 26. Nxe8 Rd7 27. Nd6 Rcc7 28. Qh8+ Ke7 29. Qe8# 1-0

[Event "Mittelfrankenliga-B2b 0607"]
[Site "Mittelfranken"]
[Date "2006.12.03"]
[Round "3.4"]
[White "Winterfeldt, Steffen"]
[Black "Horneber, Thomas"]
[Result "0-1"]
[WhiteElo "1761"]
[BlackElo "1910"]
[PlyCount "65"]
[EventDate "2006.10.22"]
[EventType "team-tourn"]
[EventRounds "9"]
[EventCountry "GER"]
[SourceTitle "EXT 2011"]
[Source "ChessBase"]
[SourceDate "2010.11.26"]
[SourceVersion "1"]
[SourceVersionDate "2010.11.26"]
[SourceQuality "1"]
[WhiteTeam "Nuernberg Zabo"]
[BlackTeam "Heilsbronn"]
[WhiteTeamCountry "GER"]
[BlackTeamCountry "GER"]

1. b4 c6 2. e3 Nf6 3. Nf3 d5 4. c4 e6 5. Qb3 dxc4 6. Bxc4 b5 7. Be2 a5 8. a4 axb4 9. Bb2 bxa4 10. Rxa4 Rxa4 11. Qxa4 Bd7 12. Ne5 Be7 13. 0-0 0-0 14. d4 c5 15. Nxd7 Nbxd7 16. dxc5 Bxc5 17. Rd1 Qa8 18. Qb3 Qa7 19. Nd2 Rb8 20. Nc4 Nd5 21. Bf3 N5b6 22. Nxb6 Nxb6 23. Be5 Rc8 24. Ra1 Qd7 25. g3 Qb5 26. Bb7 Rf8 27. Ba6 Qd7 28. Bd3 Qd5 29. Qxd5 Nxd5 30. Ra5 Be7 31. Rb5 Rc8 32. Kf1 Nc3 33. Ke1 0-1

[Event "Mittelfrankenliga-B2b 0607"]
[Site "Mittelfranken"]
[Date "2006.11.12"]
[Round "2.3"]
[White "Winterfeldt, Steffen"]
[Black "Walter, Markus"]
[Result "1/2-1/2"]
[WhiteElo "1761"]
[BlackElo "1942"]
[PlyCount "71"]
[EventDate "2006.10.22"]
[EventType "team-tourn"]
[EventRounds "9"]
[EventCountry "GER"]
[SourceTitle "EXT 2011"]
[Source "ChessBase"]
[SourceDate "2010.11.26"]
[SourceVersion "1"]
[SourceVersionDate "2010.11.26"]
[SourceQuality "1"]
[WhiteTeam "Nuernberg Zabo"]
[BlackTeam "Nuernberg SK 1911 II"]
[WhiteTeamCountry "GER"]
[BlackTeamCountry "GER"]

1. b4 d5 2. Bb2 Nf6 3. e3 e5 4. b5 Bd6 5. Nf3 Bg4 6. Be2 Nbd7 7. 0-0 0-0 8. d3 c6 9. c4 Qc7 10. h3 Bxf3 11. Bxf3 e4 12. Be2 exd3 13. Bxd3 dxc4 14. Bxc4 Ne5 15. Be2 Rad8 16. Qb3 c5 17. Nd2 b6 18. a4 Ng6 19. Nc4 Bh2+ 20. Kh1 Ne4 21. Qc2 Nd6 22. g3 Nxc4 23. Qxc4 Bxg3 24. fxg3 Qxg3 25. Rf3 Qh4 26. Rg1 Qxc4 27. Bxc4 Rd2 28. Bc3 Rc2 29. e4 Kh8 30. Bb3 Re2 31. Bd5 f6 32. Rg4 Re8 33. Rfg3 Re7 34. h4 Ne5 35. Rf4 h6 36. Rf5 1/2-1/2

[Event "Nuremberg Zabo op 08th"]
[Site "Nuremberg"]
[Date "2006.09.24"]
[Round "5"]
[White "Winterfeldt, Steffen"]
[Black "Beuschel, Uwe"]
[Result "1-0"]
[WhiteElo "1761"]
[BlackElo "1515"]
[PlyCount "55"]
[EventDate "2006.09.22"]
[EventType "swiss"]
[EventRounds "5"]
[EventCountry "GER"]
[SourceTitle "EXT 2018"]
[Source "ChessBase"]
[SourceDate "2017.10.13"]
[SourceVersion "1"]
[SourceVersionDate "2017.10.13"]
[SourceQuality "1"]

1. b4 e6 2. Bb2 Nf6 3. b5 c6 4. c4 cxb5 5. cxb5 d5 6. e3 Bd6 7. Nf3 0-0 8. Be2 Qe7 9. 0-0 Nbd7 10. d4 a5 11. a4 b6 12. Qb3 Bb7 13. Rc1 Rab8 14. Nbd2 Rfc8 15. Ne1 Ne8 16. Ndf3 Nf8 17. Ne5 Ng6 18. Nc6 Bxc6 19. bxc6 Nc7 20. Nf3 Ne8 21. Ba6 Rd8 22. Bb7 Bb4 23. Rab1 Qc7 24. Bc3 Bxc3 25. Rxc3 Rd6 26. Qxb6 Rxc6 27. Rxc6 Rxb7 28. Qxb7 1-0

[Event "Nuremberg Zabo op 04th"]
[Site "Nuremberg"]
[Date "2002.09.27"]
[Round "1"]
[White "Reiser, Wolfgang"]
[Black "Winterfeldt, Steffen"]
[Result "1-0"]
[WhiteElo "2087"]
[BlackElo "1647"]
[PlyCount "56"]
[EventDate "2002.09.27"]
[EventType "swiss"]
[EventRounds "5"]
[EventCountry "GER"]
[SourceTitle "EXT 2003"]
[Source "ChessBase"]
[SourceDate "2002.11.25"]
[SourceVersion "1"]
[SourceVersionDate "2002.11.25"]
[SourceQuality "1"]

1. c4 Nf6 2. g3 e6 3. Bg2 d5 4. Nf3 Nc6 5. 0-0 Be7 6. b3 0-0 7. Bb2 Ne4 8. d3 Bf6 9. Qc1 Bxb2 10. Qxb2 Qf6 11. d4 Ng5 12. Nbd2 Rd8 13. e3 b6 14. Rac1 Nb4 15. Nxg5 Qxg5 16. Nf3 Qf6 17. Qd2 c5 18. a3 Na6 19. cxd5 exd5 20. Rc3 Bf5 21. Ne5 Qd6 22. Rd1 cxd4 23. Qxd4 Qxa3 24. Bxd5 Be6 25. e4 Qb4 26. Qe3 Bxd5 27. exd5 Rd6 28. Nc6 Rd7 1-0

[Event "Nuremberg Zabo op 02nd"]
[Site "Nuremberg"]
[Date "2000.09.24"]
[Round "5"]
[White "Winterfeldt, Steffen"]
[Black "Hellinger, Arthur"]
[Result "1-0"]
[WhiteElo "1535"]
[BlackElo "1208"]
[PlyCount "61"]
[EventDate "2000.09.22"]
[EventType "swiss"]
[EventRounds "5"]
[EventCountry "GER"]
[SourceTitle "EXT 2001"]
[Source "ChessBase"]
[SourceDate "2000.11.22"]
[SourceVersion "1"]
[SourceVersionDate "2000.11.22"]
[SourceQuality "1"]

1. e4 e5 2. Nf3 Nc6 3. Bc4 h6 4. 0-0 Nf6 5. Re1 Bc5 6. c3 d6 7. d4 exd4 8. cxd4 Bb6 9. Bf4 0-0 10. Nc3 Re8 11. a3 Bg4 12. d5 Na5 13. Be2 Nxe4 14. Nd4 Bxd4 15. Qxd4 Qf6 16. Qxf6 Nxf6 17. Bxg4 Nxg4 18. f3 Nf6 19. Kf2 a6 20. Be3 Re7 21. Bd4 Rae8 22. Bxf6 gxf6 23. Rxe7 Rxe7 24. Re1 Re5 25. Rxe5 fxe5 26. Ke3 f5 27. f4 e4 28. g4 fxg4 29. Nxe4 Kf7 30. f5 Kg7 31. Kf4 1-0

[Event "Nuremberg Zabo op 02nd"]
[Site "Nuremberg"]
[Date "2000.09.23"]
[Round "3"]
[White "Winterfeldt, Steffen"]
[Black "Kauppert, Joachim"]
[Result "1-0"]
[WhiteElo "1535"]
[BlackElo "1307"]
[PlyCount "33"]
[EventDate "2000.09.22"]
[EventType "swiss"]
[EventRounds "5"]
[EventCountry "GER"]
[SourceTitle "EXT 2001"]
[Source "ChessBase"]
[SourceDate "2000.11.22"]
[SourceVersion "1"]
[SourceVersionDate "2000.11.22"]
[SourceQuality "1"]

1. e4 c6 2. d4 d5 3. Nc3 dxe4 4. Nxe4 Nd7 5. Nf3 Ngf6 6. Bd3 Nxe4 7. Bxe4 Nf6 8. Bd3 b6 9. Bg5 e6 10. 0-0 Bb7 11. c4 g6 12. Ne5 Bg7 13. Qf3 h6 14. Be3 Qd6 15. Be4 Nxe4 16. Qxf7+ Kd8 17. Qxg7 1-0